000 01052nam a2200277Ia 4500
003 OSt
005 20221005105526.0
006 a|||||r|||| 00| 0
007 ta
008 221004b |||||||| |||| 00| 0 hin d
020 _a9788126729036 (hbk)
_cINR 295.00
024 _a34854
037 _bBR3079, 15/09/2017, Rajkamal Prakashan Pvt. Ltd.
_cTextual
040 _aCRL
_cCRL
_bhin
041 _2hin
_ahin
082 _aO153,3N80x, Q6
100 _aदॉंगी, इंदिरा, ले.
245 0 _aएक सौ पचास प्रेमिकाएॅं
246 _aEk sau pachās premikāeॅan
260 _aनई दिल्ली
_bराजकमल प्रकाशन भारत
_c2016
300 _a143पृ0
_ccm.
650 _a हिन्दी साहित्य
650 _aहिन्दी कहानी
942 _hO153,3N80x, Q6
_cTEXL
_2cc
999 _c1016079
_d1016079